| 000 | 00000cam 2200000zi 4500 |
| 001 | 9.963294 |
| 003 | CaOODSP |
| 005 | 20260603133057 |
| 006 | m o d f |
| 007 | cr |n |||||||| |
| 008 | 260603m19941989onc o f000 0|fre d |
| 040 | |aCaOODSP|bfre|erda|cCaOODSP |
| 041 | |afre|aeng |
| 043 | |an-cn--- |
| 086 | 1 |aP29-001-001-1-89-1994-PDF |
| 245 | 00|aRaw linseed oil = |bhuile de lin brute. |
| 246 | 11|aHuile de lin brute |
| 250 | |aRetrait |
| 264 | 1|aOttawa, Canada : |bOffice des normes générales du Canada = Canadian General Standards Board, |c1989, 1994. |
| 264 | 4|c©1989 |
| 300 | |a1 ressource en ligne ( 1 volume en pagination multiple) |
| 336 | |atexte|btxt|2rdacontent/fre |
| 337 | |ainformatique|bc|2rdamedia/fre |
| 338 | |aressource en ligne|bcr|2rdacarrier/fre |
| 500 | |aÉdition numérisée de l'imprimé [par l'Office des normes générales du Canada]. |
| 500 | |a«CAN/CGSB-1.1-M89. Retrait, juin 1994.» |
| 546 | |aTexte en français et en anglais. |
| 650 | 6|aHuile de lin|zCanada|xNormes. |
| 710 | 2 |aOffice des normes générales du Canada, |eorganisme de publication. |
| 788 | |tRaw linseed oil = |eeng|w(CaOODSP)9.963292 |
| 856 | 40|qPDF|s3320 Ko|uhttps://publications.gc.ca/collections/collection_2026/ongc-cgsb/P29-001-001-1-89-1994.pdf |